LEADER 00749nam a2200205 i 4500 001 000000136324 003 CaOOAMICUS 005 20111219000000.0 008 111219s1925 it u000 u ita u 013 $a109834 040 $aSeMil$bita 100 1 $aMisciattelli, Piero.$0(OLS)http://semarc/name/6220 245 10$aSavonarola /$cPiero Misciattelli. 260 $aMilano :$bAlpes,$c1925. 300 $a266 p. ;$c20 cm. 600 14$aSavonarola, Girolamo .$0(OLS)http://semarc/subject/1591 850 $aSeMil 852 $aSeMil$W1$xVenegono$y1$m3T III 62$j89942$B89942$CSeMilBibl$Z2$F95074 $81 996 $6245$aSavonarola$9(OLS)http://semarc/title/13775 996 $6260$aMilano :$bAlpes$9(OLS)http://semarc/publisher/33596 LEADER 00995nam a2200205 4500 001 000000346149 003 CaOOAMICUS 005 20210521143902.0 008 210521s1856 it 000 u ita r 040 $aSeMil$bita 100 11$aNava, Domenico.$0(OLS)http://semarc/name/39983 245 03$aLa pia giovinetta :$bmeditazioni col modo d'ascoltare la santa messa e l'apparecchio alla confessione e comunione /$cdel p.te Domenico Nava. 250 $a20. Ed. migliorata e ricorretta 264 1$aBergamo :$bIstituto Italiano d'Arti Grafiche,$cimprim. 1856. 300 $a400 p. ;$c15 cm 850 $aSeMil 852 $aSeMil$W1$xVenegono$y1$m2ZA X 18 FA$j226416$B237196$CSeMilBibl$Z2$F237196 $8I 996 $6245$aLa pia giovinetta :$bmeditazioni col modo d'ascoltare la santa messa e l'apparecchio alla confessione e comunione$9(OLS)http://semarc/title/435360 996 $6264$aBergamo :$bIstituto Italiano d'Arti Grafiche$9(OLS)http://semarc/publisher/29676 LEADER 01613nam a2200253 i 4500 001 000000004278 003 CaOOAMICUS 005 20251125144918.0 008 180830s1731 it u000 u lat u 040 $aSeMil$bita 100 1 $aLivius, Titus,$d<59 a.C.-17.d.C.>.$0(OLS)http://semarc/name/3415 245 10$aTiti Livii Patavini Historiae romanae libri, qui supersunt, duplici divisione in capita distincti, periochis insuper, variis lectionibus, chronologia, & rethoricis exercitationibus illustrati. Tomus 1. [-4.]. 260 $aAugustae Taurinorum :$bSumtibus Dominici Amedei Fontanae bibliopolae prope Palatium Civitatis,$c1731-1732$e(Augustae Taurinorum :$fEx Typographia Fontana,$g1731-1732) 300 $a4 v. ;$c12°. 500 $aIn tutti i vol. colophon con marca, tipografo e data 500 $aLegati insieme in 2 tomi 700 1 $aFontana, Domenico Amedeo,$c.$0(OLS)http://semarc/name/89273 774 0 $aLivius, Titus <59 a.C.-17.d.C.>$t1.$g1$w()253524 774 0 $aLivius, Titus <59 a.C.-17.d.C.>$t2.$g2$w()253525 774 0 $aLivius, Titus <59 a.C.-17.d.C.>$t3.$g3$w()253526 774 0 $aLivius, Titus <59 a.C.-17.d.C.>$t4.$g4$w()253527 996 $6245$aTiti Livii Patavini Historiae romanae libri, qui supersunt, duplici divisione in capita distincti, periochis insuper, variis lectionibus, chronologia, & rethoricis exercitationibus illustrati. Tomus 1. [-4.]$9(OLS)http://semarc/title/400415 996 $6260$aAugustae Taurinorum :$bSumtibus Dominici Amedei Fontanae bibliopolae prope Palatium Civitatis$9(OLS)http://semarc/publisher/55586 LEADER 01410nam a2200301 i 4500 001 000000077237 003 CaOOAMICUS 005 20120717000000.0 008 120717s1989 sz u000 u ger u 013 $a48409 020 $a3-451-21619-1 040 $aSeMil$bita 100 1 $aFuchs, Josef,$d<1912-2005>.$0(OLS)http://semarc/name/2561 245 10$aEthische Konkretisierungen /$cJosef Fuchs. 260 $aFreiburg (Schweiz) :$bUniversitätsverlag,$c1989. 260 $aFreiburg ; Wien :$bHerder,$c1989. 300 $a311 p. ;$c23 cm. 490 0 $aStudien zur theologischen Ethik = Études d'étique chrétienne ;$v26 650 4$aTeologia morale.$0(OLS)http://semarc/subject/91 773 0 $aFuchs, Josef <1912-2005>$tFür eine menschliche Moral.$dFreiburg : Universitätsverlag, 1988-1997.$kStudien zur theologischen Ethik$g2$w()3358 830 0$aStudien zur theologischen Ethik ;$v26.$0(OLS)http://semarc/title/60536 850 $aSeMil 852 $aSeMil$W1$xVenegono$y1$m2IA E 26$j262225$B43389$CSeMilBibl$Z2$F42873 $81 961 $aAcquisto: Koch, Neff & Oetinger 996 $6020$a3-451-21619-1$9(OLS)http://semarc/number/58776 996 $6245$aEthische Konkretisierungen$9(OLS)http://semarc/title/125396 996 $6260$aFreiburg ; Wien :$bHerder$9(OLS)http://semarc/publisher/31159 996 $6260$aFreiburg (Schweiz) :$bUniversitätsverlag$9(OLS)http://semarc/publisher/29720 LEADER 01275nam a2200277 i 4500 001 000000034633 003 CaOOAMICUS 005 20130223000000.0 008 130223s1973 it u000 u ita u 013 $a1362 040 $aSeMil$bita 100 1 $aJeremias, Joachim,$d<1900-1979>.$0(OLS)http://semarc/name/1983 240 14$aDie Abendmahlsworte Jesu.$0(OLS)http://semarc/title/46942 245 13$aLe parole dell'ultima cena /$cJoachim Jeremias ; edizione italiana a cura di Franco Ronchi. 260 $aBrescia :$bPaideia,$ccopyr. 1973. 300 $a365 p. ;$c21 cm. 490 0 $aBiblioteca di cultura religiosa ;$v23 650 4$aBibbia. Nuovo Testamento. Vangeli - Ultima Cena.$0(OLS)http://semarc/subject/5978 650 4$aBibbia. Nuovo Testamento - Commentari, studi, critica, interpretazioni.$0(OLS)http://semarc/subject/184 700 1 $aRonchi, Franco.$0(OLS)http://semarc/name/944 830 0$aBiblioteca di cultura religiosa ;$v23.$0(OLS)http://semarc/title/85 850 $aSeMil 852 $aSeMil$W1$xVenegono$y1$m2L II 173$j788$B788$CSeMilBibl$Z2$F788 $81 961 $aAcquisto: Casa editrice 996 $6245$aLe parole dell'ultima cena$9(OLS)http://semarc/title/46941 996 $6260$aBrescia :$bPaideia$9(OLS)http://semarc/publisher/29614